<?xml version="1.0" encoding="UTF-8"?>
<record
    xmlns:xsi="http://www.w3.org/2001/XMLSchema-instance"
    xsi:schemaLocation="http://www.loc.gov/MARC21/slim http://www.loc.gov/standards/marcxml/schema/MARC21slim.xsd"
    xmlns="http://www.loc.gov/MARC21/slim">

  <leader>01761nam a22002657a 4500</leader>
  <datafield tag="999" ind1=" " ind2=" ">
    <subfield code="c">61262</subfield>
    <subfield code="d">61262</subfield>
  </datafield>
  <controlfield tag="003">Ge_BSU</controlfield>
  <controlfield tag="005">20240116165307.0</controlfield>
  <controlfield tag="008">240116s2019    ge ||||| |||| 00| 0 geo d</controlfield>
  <datafield tag="020" ind1=" " ind2=" ">
    <subfield code="a">9789941285493</subfield>
  </datafield>
  <datafield tag="041" ind1=" " ind2=" ">
    <subfield code="a">geo</subfield>
  </datafield>
  <datafield tag="080" ind1=" " ind2=" ">
    <subfield code="a">553.98(075.8) &#x10EF;-54</subfield>
  </datafield>
  <datafield tag="100" ind1=" " ind2=" ">
    <subfield code="a">&#x10EF;&#x10D8;&#x10E5;&#x10D8;&#x10D0;, &#x10DC;&#x10D8;&#x10D0;&#x10D6;</subfield>
    <subfield code="9">21055</subfield>
  </datafield>
  <datafield tag="245" ind1=" " ind2=" ">
    <subfield code="a">&#x10DC;&#x10D0;&#x10D5;&#x10D7;&#x10DD;&#x10D1;&#x10D2;&#x10D0;&#x10D6;&#x10E1;&#x10D0;&#x10E0;&#x10D4;&#x10EC;&#x10D0;&#x10DD; &#x10D2;&#x10D4;&#x10DD;&#x10DA;&#x10DD;&#x10D2;&#x10D8;&#x10D0;, &#x10DC;&#x10D0;&#x10D5;&#x10D7;&#x10DD;&#x10D1;&#x10D8;&#x10E1;&#x10D0; &#x10D3;&#x10D0; &#x10D2;&#x10D0;&#x10D6;&#x10D8;&#x10E1; &#x10E1;&#x10D0;&#x10D1;&#x10D0;&#x10D3;&#x10DD;&#x10D4;&#x10D1;&#x10D8;&#x10E1; &#x10D3;&#x10D0;&#x10DB;&#x10E3;&#x10E8;&#x10D0;&#x10D5;&#x10D4;&#x10D1;&#x10D8;&#x10E1; &#x10D2;&#x10D4;&#x10DD;&#x10DA;&#x10DD;&#x10D2;&#x10D8;&#x10E3;&#x10E0;&#x10D8; &#x10E1;&#x10D0;&#x10E4;&#x10E3;&#x10EB;&#x10D5;&#x10DA;&#x10D4;&#x10D1;&#x10D8; :</subfield>
    <subfield code="b">[&#x10E1;&#x10D0;&#x10EE;&#x10D4;&#x10DA;&#x10DB;&#x10EB;&#x10E6;&#x10D5;&#x10D0;&#x10DC;&#x10D4;&#x10DA;&#x10DD;] /</subfield>
    <subfield code="c">&#x10DC;&#x10D8;&#x10D0;&#x10D6; &#x10EF;&#x10D8;&#x10E5;&#x10D8;&#x10D0;, &#x10DC;&#x10D0;&#x10D7;&#x10D4;&#x10DA;&#x10D0; &#x10DB;&#x10D0;&#x10D8;&#x10E1;&#x10E3;&#x10E0;&#x10D0;&#x10EB;&#x10D4;, &#x10E5;&#x10D4;&#x10D7;&#x10D4;&#x10D5;&#x10D0;&#x10DC; &#x10E5;&#x10DD;&#x10D8;&#x10D0;&#x10D5;&#x10D0;; &#x10E0;&#x10D4;&#x10D3;&#x10D0;&#x10E5;&#x10E2;&#x10DD;&#x10E0;&#x10D8; &#x10DA;. &#x10D9;&#x10D5;&#x10D8;&#x10DC;&#x10D8;&#x10D9;&#x10D0;&#x10EB;&#x10D4;; &#x10E1;&#x10D0;&#x10E5;&#x10D0;&#x10E0;&#x10D7;&#x10D5;&#x10D4;&#x10DA;&#x10DD;&#x10E1; &#x10E2;&#x10D4;&#x10E5;&#x10DC;&#x10D8;&#x10D9;&#x10E3;&#x10E0;&#x10D8; &#x10E3;&#x10DC;&#x10D8;&#x10D5;&#x10D4;&#x10E0;&#x10E1;&#x10D8;&#x10E2;&#x10D4;&#x10E2;&#x10D8;.</subfield>
  </datafield>
  <datafield tag="264" ind1=" " ind2=" ">
    <subfield code="a">&#x10D7;&#x10D1;&#x10D8;&#x10DA;&#x10D8;&#x10E1;&#x10D8; :</subfield>
    <subfield code="b">&#x10E2;&#x10D4;&#x10E5;&#x10DC;&#x10D8;&#x10D9;&#x10E3;&#x10E0;&#x10D8; &#x10E3;&#x10DC;&#x10D8;&#x10D5;&#x10D4;&#x10E0;&#x10E1;&#x10D8;&#x10E2;&#x10D4;&#x10E2;&#x10D8;,</subfield>
    <subfield code="c">2019.</subfield>
  </datafield>
  <datafield tag="300" ind1=" " ind2=" ">
    <subfield code="a">314 &#x10D2;&#x10D5;. : </subfield>
    <subfield code="b">&#x10E1;&#x10E3;&#x10E0;. ; </subfield>
    <subfield code="c">20 &#x10E1;&#x10DB;.</subfield>
  </datafield>
  <datafield tag="504" ind1=" " ind2=" ">
    <subfield code="a">&#x10D1;&#x10D8;&#x10D1;&#x10DA;&#x10D8;&#x10DD;&#x10D2;&#x10E0;&#x10D0;&#x10E4;&#x10D8;&#x10D0;: &#x10D2;&#x10D5;. 307-308.</subfield>
  </datafield>
  <datafield tag="653" ind1=" " ind2=" ">
    <subfield code="a">&#x10DC;&#x10D0;&#x10D5;&#x10D7;&#x10DD;&#x10D1;&#x10D8;&#x10E1; &#x10EB;&#x10D4;&#x10D1;&#x10DC;&#x10D0;-&#x10EB;&#x10D8;&#x10D4;&#x10D1;&#x10D0;</subfield>
  </datafield>
  <datafield tag="653" ind1=" " ind2=" ">
    <subfield code="a">&#x10D2;&#x10D0;&#x10D6;&#x10D8;&#x10E1; &#x10EB;&#x10D4;&#x10D1;&#x10DC;&#x10D0;-&#x10EB;&#x10D8;&#x10D4;&#x10D1;&#x10D0;</subfield>
  </datafield>
  <datafield tag="653" ind1=" " ind2=" ">
    <subfield code="a">&#x10DC;&#x10D0;&#x10D5;&#x10D7;&#x10DD;&#x10D1;&#x10D2;&#x10D0;&#x10D6;&#x10E1;&#x10D0;&#x10E0;&#x10D4;&#x10EC;&#x10D0;&#x10DD; &#x10D2;&#x10D4;&#x10DD;&#x10DA;&#x10DD;&#x10D2;&#x10D8;&#x10D0;</subfield>
  </datafield>
  <datafield tag="700" ind1=" " ind2=" ">
    <subfield code="a">&#x10DB;&#x10D0;&#x10D8;&#x10E1;&#x10E3;&#x10E0;&#x10D0;&#x10EB;&#x10D4;, &#x10DC;&#x10D0;&#x10D7;&#x10D4;&#x10DA;&#x10D0;</subfield>
    <subfield code="e">&#x10D0;&#x10D5;&#x10E2;&#x10DD;&#x10E0;&#x10D8;</subfield>
    <subfield code="9">9334</subfield>
  </datafield>
  <datafield tag="700" ind1=" " ind2=" ">
    <subfield code="a">&#x10E5;&#x10DD;&#x10D8;&#x10D0;&#x10D5;&#x10D0;, &#x10E5;&#x10D4;&#x10D7;&#x10D4;&#x10D5;&#x10D0;&#x10DC; </subfield>
    <subfield code="e">&#x10D0;&#x10D5;&#x10E2;&#x10DD;&#x10E0;&#x10D8;</subfield>
    <subfield code="9">21056</subfield>
  </datafield>
  <datafield tag="700" ind1=" " ind2=" ">
    <subfield code="a">&#x10D9;&#x10D5;&#x10D8;&#x10DC;&#x10D8;&#x10D9;&#x10D0;&#x10EB;&#x10D4;, &#x10DA;.</subfield>
    <subfield code="9">9831</subfield>
  </datafield>
  <datafield tag="710" ind1=" " ind2=" ">
    <subfield code="a"> &#x10E1;&#x10D0;&#x10E5;&#x10D0;&#x10E0;&#x10D7;&#x10D5;&#x10D4;&#x10DA;&#x10DD;&#x10E1; &#x10E2;&#x10D4;&#x10E5;&#x10DC;&#x10D8;&#x10D9;&#x10E3;&#x10E0;&#x10D8; &#x10E3;&#x10DC;&#x10D8;&#x10D5;&#x10D4;&#x10E0;&#x10E1;&#x10D8;&#x10E2;&#x10D4;&#x10E2;&#x10D8;.</subfield>
    <subfield code="9">21057</subfield>
  </datafield>
  <datafield tag="942" ind1=" " ind2=" ">
    <subfield code="2">udc</subfield>
    <subfield code="c">&#x1CAC;&#x1C98;&#x1C92;&#x1C9C;&#x1C98;</subfield>
  </datafield>
  <datafield tag="952" ind1=" " ind2=" ">
    <subfield code="0">0</subfield>
    <subfield code="1">0</subfield>
    <subfield code="2">udc</subfield>
    <subfield code="4">0</subfield>
    <subfield code="6">553980758_&#x10EF;54</subfield>
    <subfield code="7">0</subfield>
    <subfield code="9">97680</subfield>
    <subfield code="a">CPL</subfield>
    <subfield code="b">CPL</subfield>
    <subfield code="c">GEN</subfield>
    <subfield code="d">2024-01-16</subfield>
    <subfield code="g">11.84</subfield>
    <subfield code="o">553.98(075.8) &#x10EF;-54</subfield>
    <subfield code="p">67131</subfield>
    <subfield code="r">2024-01-16</subfield>
    <subfield code="t">67131</subfield>
    <subfield code="w">2024-01-16</subfield>
    <subfield code="y">&#x1CAC;&#x1C98;&#x1C92;&#x1C9C;&#x1C98;</subfield>
    <subfield code="z">11 &#x10DA;. 84 &#x10D7;.</subfield>
  </datafield>
  <datafield tag="952" ind1=" " ind2=" ">
    <subfield code="0">0</subfield>
    <subfield code="1">0</subfield>
    <subfield code="2">udc</subfield>
    <subfield code="4">0</subfield>
    <subfield code="6">553980758_&#x10EF;54</subfield>
    <subfield code="7">0</subfield>
    <subfield code="9">97681</subfield>
    <subfield code="a">CPL</subfield>
    <subfield code="b">CPL</subfield>
    <subfield code="c">GEN</subfield>
    <subfield code="d">2024-01-16</subfield>
    <subfield code="g">11.84</subfield>
    <subfield code="o">553.98(075.8) &#x10EF;-54</subfield>
    <subfield code="p">67132</subfield>
    <subfield code="r">2024-01-16</subfield>
    <subfield code="t">67132</subfield>
    <subfield code="w">2024-01-16</subfield>
    <subfield code="y">&#x1CAC;&#x1C98;&#x1C92;&#x1C9C;&#x1C98;</subfield>
    <subfield code="z">11 &#x10DA;. 84 &#x10D7;.</subfield>
  </datafield>
  <datafield tag="952" ind1=" " ind2=" ">
    <subfield code="0">0</subfield>
    <subfield code="1">0</subfield>
    <subfield code="2">udc</subfield>
    <subfield code="4">0</subfield>
    <subfield code="6">553980758_&#x10EF;54</subfield>
    <subfield code="7">0</subfield>
    <subfield code="9">97682</subfield>
    <subfield code="a">CPL</subfield>
    <subfield code="b">CPL</subfield>
    <subfield code="c">GEN</subfield>
    <subfield code="d">2024-01-16</subfield>
    <subfield code="g">11.84</subfield>
    <subfield code="o">553.98(075.8) &#x10EF;-54</subfield>
    <subfield code="p">67133</subfield>
    <subfield code="r">2024-01-16</subfield>
    <subfield code="t">67133</subfield>
    <subfield code="w">2024-01-16</subfield>
    <subfield code="y">&#x1CAC;&#x1C98;&#x1C92;&#x1C9C;&#x1C98;</subfield>
    <subfield code="z">11 &#x10DA;. 84 &#x10D7;.</subfield>
  </datafield>
  <datafield tag="952" ind1=" " ind2=" ">
    <subfield code="0">0</subfield>
    <subfield code="1">0</subfield>
    <subfield code="2">udc</subfield>
    <subfield code="4">0</subfield>
    <subfield code="6">553980758_&#x10EF;54</subfield>
    <subfield code="7">0</subfield>
    <subfield code="9">97683</subfield>
    <subfield code="a">CPL</subfield>
    <subfield code="b">CPL</subfield>
    <subfield code="c">GEN</subfield>
    <subfield code="d">2024-01-16</subfield>
    <subfield code="g">11.84</subfield>
    <subfield code="o">553.98(075.8) &#x10EF;-54</subfield>
    <subfield code="p">67134</subfield>
    <subfield code="r">2024-01-16</subfield>
    <subfield code="t">67134</subfield>
    <subfield code="w">2024-01-16</subfield>
    <subfield code="y">&#x1CAC;&#x1C98;&#x1C92;&#x1C9C;&#x1C98;</subfield>
    <subfield code="z">11 &#x10DA;. 84 &#x10D7;.</subfield>
  </datafield>
  <datafield tag="952" ind1=" " ind2=" ">
    <subfield code="0">0</subfield>
    <subfield code="1">0</subfield>
    <subfield code="2">udc</subfield>
    <subfield code="4">0</subfield>
    <subfield code="6">553980758_&#x10EF;54</subfield>
    <subfield code="7">0</subfield>
    <subfield code="9">97684</subfield>
    <subfield code="a">CPL</subfield>
    <subfield code="b">CPL</subfield>
    <subfield code="c">GEN</subfield>
    <subfield code="d">2024-01-16</subfield>
    <subfield code="g">11.84</subfield>
    <subfield code="o">553.98(075.8) &#x10EF;-54</subfield>
    <subfield code="p">67135</subfield>
    <subfield code="r">2024-01-16</subfield>
    <subfield code="t">67135</subfield>
    <subfield code="w">2024-01-16</subfield>
    <subfield code="y">&#x1CAC;&#x1C98;&#x1C92;&#x1C9C;&#x1C98;</subfield>
    <subfield code="z">11 &#x10DA;. 84 &#x10D7;.</subfield>
  </datafield>
  <datafield tag="952" ind1=" " ind2=" ">
    <subfield code="0">0</subfield>
    <subfield code="1">0</subfield>
    <subfield code="2">udc</subfield>
    <subfield code="4">0</subfield>
    <subfield code="6">553980758_&#x10EF;54</subfield>
    <subfield code="7">0</subfield>
    <subfield code="9">99873</subfield>
    <subfield code="a">SPL</subfield>
    <subfield code="b">SPL</subfield>
    <subfield code="c">GEN</subfield>
    <subfield code="d">2024-07-19</subfield>
    <subfield code="g">6.00</subfield>
    <subfield code="o">553.98(075.8) &#x10EF;-54</subfield>
    <subfield code="p">68793</subfield>
    <subfield code="r">2024-07-19</subfield>
    <subfield code="t">68793</subfield>
    <subfield code="w">2024-07-19</subfield>
    <subfield code="y">&#x1CAC;&#x1C98;&#x1C92;&#x1C9C;&#x1C98;</subfield>
    <subfield code="z">6.00</subfield>
  </datafield>
  <datafield tag="952" ind1=" " ind2=" ">
    <subfield code="0">0</subfield>
    <subfield code="1">0</subfield>
    <subfield code="2">udc</subfield>
    <subfield code="4">0</subfield>
    <subfield code="6">553980758_&#x10EF;54</subfield>
    <subfield code="7">0</subfield>
    <subfield code="9">99874</subfield>
    <subfield code="a">SPL</subfield>
    <subfield code="b">SPL</subfield>
    <subfield code="c">GEN</subfield>
    <subfield code="d">2024-07-19</subfield>
    <subfield code="g">6.00</subfield>
    <subfield code="o">553.98(075.8) &#x10EF;-54</subfield>
    <subfield code="p">68794</subfield>
    <subfield code="r">2024-07-19</subfield>
    <subfield code="t">68794</subfield>
    <subfield code="w">2024-07-19</subfield>
    <subfield code="y">&#x1CAC;&#x1C98;&#x1C92;&#x1C9C;&#x1C98;</subfield>
    <subfield code="z">6.00</subfield>
  </datafield>
  <datafield tag="952" ind1=" " ind2=" ">
    <subfield code="0">0</subfield>
    <subfield code="1">0</subfield>
    <subfield code="2">udc</subfield>
    <subfield code="4">0</subfield>
    <subfield code="6">553980758_&#x10EF;54</subfield>
    <subfield code="7">0</subfield>
    <subfield code="9">99875</subfield>
    <subfield code="a">SPL</subfield>
    <subfield code="b">SPL</subfield>
    <subfield code="c">GEN</subfield>
    <subfield code="d">2024-07-19</subfield>
    <subfield code="g">6.00</subfield>
    <subfield code="o">553.98(075.8) &#x10EF;-54</subfield>
    <subfield code="p">68795</subfield>
    <subfield code="r">2024-07-19</subfield>
    <subfield code="t">68795</subfield>
    <subfield code="w">2024-07-19</subfield>
    <subfield code="y">&#x1CAC;&#x1C98;&#x1C92;&#x1C9C;&#x1C98;</subfield>
    <subfield code="z">6.00</subfield>
  </datafield>
  <datafield tag="952" ind1=" " ind2=" ">
    <subfield code="0">0</subfield>
    <subfield code="1">0</subfield>
    <subfield code="2">udc</subfield>
    <subfield code="4">0</subfield>
    <subfield code="6">553980758_&#x10EF;54</subfield>
    <subfield code="7">0</subfield>
    <subfield code="9">99876</subfield>
    <subfield code="a">SPL</subfield>
    <subfield code="b">SPL</subfield>
    <subfield code="c">GEN</subfield>
    <subfield code="d">2024-07-19</subfield>
    <subfield code="g">6.00</subfield>
    <subfield code="o">553.98(075.8) &#x10EF;-54</subfield>
    <subfield code="p">68796</subfield>
    <subfield code="r">2024-07-19</subfield>
    <subfield code="t">68796</subfield>
    <subfield code="w">2024-07-19</subfield>
    <subfield code="y">&#x1CAC;&#x1C98;&#x1C92;&#x1C9C;&#x1C98;</subfield>
    <subfield code="z">6.00</subfield>
  </datafield>
  <datafield tag="952" ind1=" " ind2=" ">
    <subfield code="0">0</subfield>
    <subfield code="1">0</subfield>
    <subfield code="2">udc</subfield>
    <subfield code="4">0</subfield>
    <subfield code="6">553980758_&#x10EF;54</subfield>
    <subfield code="7">0</subfield>
    <subfield code="9">99877</subfield>
    <subfield code="a">SPL</subfield>
    <subfield code="b">SPL</subfield>
    <subfield code="c">GEN</subfield>
    <subfield code="d">2024-07-19</subfield>
    <subfield code="g">6.00</subfield>
    <subfield code="o">553.98(075.8) &#x10EF;-54</subfield>
    <subfield code="p">68797</subfield>
    <subfield code="r">2024-07-19</subfield>
    <subfield code="t">68797</subfield>
    <subfield code="w">2024-07-19</subfield>
    <subfield code="y">&#x1CAC;&#x1C98;&#x1C92;&#x1C9C;&#x1C98;</subfield>
    <subfield code="z">6.00</subfield>
  </datafield>
</record>
